000 00781cam a2200265 4500
001 D15779
008 1963
035 _a(Sirsi) u25118
041 _aeng
050 _aRICS 1963/26AC
100 _aEden, A.R.
245 _aPart 1: Pipelines and the pipelines` Act 1962. Part 2: Water mains, sewers and other pipelines: compensation payable to the landowner.
260 _aLondon
_bRICS
_c1963
300 _a11p ; 28cm.
350 _a0
520 _aFiled in box 1963/26 AC
650 _aPIPELINES ACT 1962
650 _aWATER MAINS
651 4 _aUnited Kingdom
_y
690 _aInfrastructure
_96246
700 _aBattersby, E.J.
710 _aRoyal Institution of Chartered Surveyors
_94900
942 _n0
948 _c04/03/1997
999 _c88679
_d88679